Регионална библиотека "Любен Каравелов" - Русе

Свят, населен с демони (Запис номер 85209)

MARC детайли
000 -Лидер
Контролно поле с фиксирана дължина 01841nam a2200373 c 4500
003 - Код на организацията, давaща контролен номер
Контролно поле BLK
005 - Дата и час на последна редакция
Контролно поле 20180422104227.0
008 - Елементи от данни с фиксирана дължина
fixed length control field 180408b bul|||||r ||||||| ||bul||
010 ## - Наследен системен номер
LC control number KNG00089805000
020 ## - Международен стандартен номер на книга ISBN
Международен стандартен номер на книга ISBN 978-954-655-012-5
-- издат.: Бард
040 ## - Източник на каталожния запис
Идентификатор на билиотеката - собственик на записа BLK
041 ## - Код за език
Код за езика на текст/звукозапис или на отделно заглавие Български
Код за езика КДБФ Български
080 ## - УДК
Текстов определител УДК Наука. Наукознание. Организация на умствения труд
УДК код - определител по УДК 001
УДК определител (02.062)
УДК - код + определител 001(02.062)
080 ## - УДК
Текстов определител УДК Разпространяване на научните знания - популяризиране на науката, занимателна наука, учение за явленията научно необяснени, заблуждения и фалшификации, илюзии и др. п., секретност на научните знания
УДК код - определител по УДК 001.9
УДК определител (02.062)
УДК - код + определител 001.9(02.062)
100 1# - Редна дума - Автор
Автор Сейгън, Карл
Авторска отговорност първи автор
R(LIN) 119422
139 ## - Редно поле
Редна дума Сейгън, Карл
Авторски знак Се - С 30
245 10 - Сведения за заглавието
Заглавие Свят, населен с демони
Подзаглавни данни Науката като свещ в мрака
Редно поле (дума) Карл Сейгън; прев. Маргарит Маргаритов Дамянов.
257 ## - Страна на издаване
Страна на създаване/издаване Съединени американски щати
260 ## - Област на издателските данни
-- София
Име на издателя, разпространителя и проч. Бард
Година на издаване 2009
Печатница Хасково : Полиграфюг
300 ## - Физическа характеристика
Страници 510 с.
Размери/Мащаб 21 см
380 ## - Жанр
Жанр Худож. лит.
500 ## - Общи забележки
Забележка Ориг. загл. The Demon-Haunted World / Carl Sagan. - Офс. изд. - Съдържа и За автора.
650 #4 - Допълнително описание по предмет – тема
Основно описание – тема или топоним Наука
9 (RLIN) 163554
650 #4 - Допълнително описание по предмет – тема
Основно описание – тема или топоним Псевдонаука
9 (RLIN) 168262
653 ## - Ключова дума – ненормативна
Ключова дума наука
653 ## - Ключова дума – ненормативна
Ключова дума лъженаука
653 ## - Ключова дума – ненормативна
Ключова дума псевдонаука
700 1# - Други автори (авторска отговорност)
Лично име Дамянов, Маргарит Маргаритов
Автороска отговорност (Описва отношението между автора и произведението) прев.
9 (RLIN) 368565
852 ## - Местоположение
Форматна сигнатура Цб 244229
856 4# - Електронен адрес и достъп
Електронен формат pdf - файл
Път до файла /url/
856 4# - Електронен адрес и достъп
Електронен формат pdf - файл
Път до файла /url/
942 ## - АРТИКУЛИ
Вид на библиотечния материал Книги
Скрит в OPAC Не
944 ## - СЪЗДАВАНЕ И РЕДАКЦИЯ на ЗАПИСА
Създаване/Редакция Създаване
Дата на регистрацията/редакция 10.06.2009
Статус, дата на статуса ф /
Служител, извършил регистрацията/редакцията Милена_Ачева
944 ## - СЪЗДАВАНЕ И РЕДАКЦИЯ на ЗАПИСА
Създаване/Редакция Редакция
Дата на регистрацията/редакция 18.10.2011
Статус, дата на статуса ф /
Служител, извършил регистрацията/редакцията
999 ## - СИСТЕМНИ КОНТРОЛНИ НОМЕРА
Koha biblionumber 85209
Koha biblioitemnumber 85209
Наличности
Код за отписване Код за изгубен артикул Код за повреда Коз за рестрикции Код за отдаване Артикулен № Име на библиотеката - собственик Име на библиотеката, в която се намира в момента Статус (Текущо местоположение) Дата на вписване в системата Местоположение - отдел Цена в лева Инвентарен номер Систематично азбучна сигнатура Баркод Номер на екземпляра Цена в евро Служебна бележка Служебен тип на артикула
Изтеглен Не е изгубен Не е повреден без рестрикции заемане за дома 138245 Регионална библиотека "Любен Каравелов" Русе Регионална библиотека "Любен Каравелов" Русе Заемна - подръчен фонд 2009-06-09 Заемна - подръчен фонд 15.99 120000736071 П 001/С 30 120000736071 1 8.18 Дост: Pk Вид: Ф N: 44 Дата: 03.06.2009 Дата инв: 05.11.2014 Бележки инв: П2014 Книги
  Не е изгубен Не е повреден без рестрикции ползва се в читалня 138246 Регионална библиотека "Любен Каравелов" Русе Регионална библиотека "Любен Каравелов" Русе Хранилище 2011-07-07 Хранилище 15.99 120000751766 Цб 244229 120000751766 2 8.18 Дост: Dp Вид: Д N: 4 Дата: 24.01.2011 Книги
Vip Innovations Ltd, Rousse, Bulgaria 2025